|
|
|
|
| LEADER |
00000nab a2200000 a 4500 |
| 001 |
vtls000149929 |
| 003 |
SK-MaSNL |
| 005 |
20260303072954.0 |
| 008 |
111104c1983 xo 0 slo |
| 015 |
|
|
|a SNBRB19rr/mm-uuuuu
|
| 035 |
|
|
|a CL0160036
|
| 040 |
|
|
|a SNKBUCL
|b slo
|c SNKBUCL
|e AACR2
|
| 041 |
0 |
|
|a slo
|
| 044 |
|
|
|a xo
|c SK
|
| 080 |
|
|
|a 885.4-7
|2 1981
|
| 100 |
1 |
|
|a Kurilko, Ján
|4 aut
|9 882512
|
| 245 |
1 |
0 |
|a Telefón
|c Ján Kurilko
|
| 300 |
|
|
|b Príloha VN, č. 4, s. 6.
|
| 650 |
0 |
7 |
|a humoresky
|2 snkbucl
|9 73390
|
| 655 |
|
7 |
|a články z novín a časopisov
|2 snkbucl
|9 267496
|
| 655 |
|
7 |
|a články z odboru literárna veda a krásna literatúra
|2 snkbucl
|9 770045
|
| 773 |
0 |
|
|t Východoslovenské noviny
|g Roč. 32, č. 23 (28. 1. 1983)
|
| 850 |
|
|
|a Slovenská národná knižnica v Martine
|a MTA001
|
| 852 |
|
|
|a SNK
|b KIS3GCP
|
| 958 |
|
|
|a RK
|
| 958 |
|
|
|a LX
|
| 992 |
|
|
|a RBX
|
| 999 |
|
|
|c 1765608
|d 1767538
|